[Event "BL 0304 SV Hofheim - Hamburger SK"]
[Site "?"]
[Date "2003.11.22"]
[Round "3.2"]
[White "Ginsburg, Gennadi"]
[Black "Atalik, Suat"]
[Result "1/2-1/2"]
[WhiteElo "2483"]
[BlackElo "2570"]
[PlyCount "107"]
[EventDate "2003.11.22"]

1. e4 e5 2. Nf3 Nf6 3. Nc3 Nc6 4. Bb5 Bb4 5. O-O O-O 6. d3 d6 7. Bg5 Bxc3 8.
bxc3 h6 9. Bh4 Bd7 10. Nd2 g5 11. Bg3 Ne7 12. Rb1 b6 13. d4 Ng6 14. Re1 Bxb5
15. Rxb5 Qd7 16. Rb3 Rae8 17. f3 Nh5 18. Nc4 Nxg3 19. hxg3 exd4 20. cxd4 d5 21.
Ne5 Nxe5 22. dxe5 Rxe5 23. f4 Re6 24. Rd3 Qe7 25. Rxd5 Rxe4 26. Rxe4 Qxe4 27.
fxg5 Re8 28. Kh2 Qe2 29. gxh6 Qxd1 30. Rxd1 Re6 31. Rd8+ Kh7 32. Rd7 Rxh6+ 33.
Kg1 Rc6 34. Rxf7+ Kg6 35. Rf2 Rc3 36. Kh2 c5 37. Kh3 Ra3 38. Kh4 Rxa2 39. g4
Ra4 40. Rf8 Rc4 41. Rg8+ Kf7 42. Ra8 Rxc2 43. Rxa7+ Kg6 44. Rb7 Rb2 45. Rc7 Rf2
46. g5 Rf4+ 47. g4 Rf7 48. Rc6+ Kg7 49. Rxb6 Rc7 50. Kg3 c4 51. Kf3 c3 52. Rb1
Kg6 53. Ke3 Kxg5 54. Kd3 1/2-1/2

[Event "BL 0304 SV Hofheim - Hamburger SK"]
[Site "?"]
[Date "2003.11.22"]
[Round "3.5"]
[White "Bezold, Michael"]
[Black "Buchal, Stephan"]
[Result "1/2-1/2"]
[WhiteElo "2462"]
[BlackElo "2390"]
[PlyCount "57"]
[EventDate "2003.11.22"]

1. c4 g6 2. g3 Bg7 3. Bg2 f5 4. Nc3 Nf6 5. d3 d6 6. e4 Nc6 7. Nge2 O-O 8. h3 e5
9. Be3 Be6 10. Nd5 Qd7 11. Qd2 Rae8 12. Rc1 Nh5 13. b3 Rf7 14. Rd1 f4 15. gxf4
Ref8 16. f3 Nd4 17. Bxd4 exd4 18. f5 gxf5 19. Qg5 fxe4 20. dxe4 Bxd5 21. Qxh5
Be6 22. Nxd4 Bxd4 23. Rxd4 Rg7 24. Rd2 Qe7 25. Qh6 Rf6 26. Qe3 Rfg6 27. Bf1 b6
28. h4 Qf6 29. Rd1 1/2-1/2

[Event "BL 0304 SV Hofheim - Hamburger SK"]
[Site "?"]
[Date "2003.11.22"]
[Round "3.6"]
[White "Burkart, Patrick"]
[Black "Berg, Emanuel"]
[Result "0-1"]
[WhiteElo "2355"]
[BlackElo "2489"]
[PlyCount "116"]
[EventDate "2003.11.22"]

1. d4 Nf6 2. Nf3 e6 3. c4 b6 4. Bf4 Bb7 5. e3 Be7 6. h3 O-O 7. Nc3 d5 8. cxd5
exd5 9. Bd3 c5 10. O-O a6 11. Ne5 c4 12. Bc2 b5 13. g4 Nc6 14. g5 Ne8 15. Qg4
b4 16. Ne2 g6 17. h4 Ng7 18. Ng3 Nxe5 19. Bxe5 Bc8 20. Qf3 f6 21. gxf6 Bxf6 22.
Bxf6 Rxf6 23. Qg2 Bf5 24. e4 Bxe4 25. Bxe4 dxe4 26. Qxe4 Re6 27. Qf3 Rc8 28. d5
Re5 29. Rad1 Qxh4 30. d6 Rf8 31. Qc6 Nh5 32. Qg2 Nf4 33. Qc6 Nh3+ 34. Kg2 Nf4+
35. Kg1 Qh3 36. d7 Rd5 37. Qxd5+ Nxd5 38. Rxd5 Rd8 39. Rfd1 c3 40. bxc3 bxc3
41. Rc1 Rxd7 42. Rxd7 Qxd7 43. Rxc3 Qd1+ 44. Nf1 Qa4 45. a3 Qd4 46. Re3 h5 47.
Ng3 Qg4 48. Kh2 Qf4 49. Kg2 h4 50. Nf1 Qg4+ 51. Kh2 Qd1 52. Kg2 g5 53. Ng3 hxg3
54. Rxg3 Qd5+ 55. Kg1 Kf7 56. Re3 Kf6 57. Rg3 Ke6 58. Re3+ Kd6 0-1

[Event "BL 0304 SV Hofheim - Hamburger SK"]
[Site "?"]
[Date "2003.11.22"]
[Round "3.7"]
[White "Reeh, Oliver"]
[Black "Brendel, Oliver"]
[Result "1/2-1/2"]
[WhiteElo "2446"]
[BlackElo "2311"]
[PlyCount "86"]
[EventDate "2003.11.22"]

1. e4 c5 2. Nf3 Nc6 3. Bb5 Nf6 4. Bxc6 dxc6 5. d3 g6 6. h3 Bg7 7. Nc3 Nd7 8.
Be3 b6 9. Qd2 e5 10. Bh6 Bf6 11. O-O-O Nf8 12. Ng5 Ne6 13. Nxe6 Bxe6 14. f4
exf4 15. Bxf4 Qd4 16. Rhe1 Be5 17. Bxe5 Qxe5 18. a3 O-O-O 19. Rf1 h5 20. Qf4
Qxf4+ 21. Rxf4 h4 22. Ne2 Rh5 23. Rf6 Rg5 24. Nf4 Re8 25. Rd2 Kd7 26. Rf2 Kd6
27. Kd2 a5 28. c3 Ke5 29. Ne2 c4 30. d4+ Kxe4 31. R6f4+ Kd5 32. Rxh4 Kd6 33.
Re4 Rb5 34. Kc1 Rh8 35. Nf4 Rf5 36. g4 Rf6 37. Re5 Rd8 38. Nd3 Rxf2 39. Nxf2 f5
40. Kd2 Rf8 41. gxf5 Bxf5 42. Re3 b5 43. Ne4+ Bxe4 1/2-1/2

[Event "BL 0304 SV Hofheim - Hamburger SK"]
[Site "?"]
[Date "2003.11.22"]
[Round "3.8"]
[White "Zude, Erik"]
[Black "Heinemann, Thies"]
[Result "0-1"]
[WhiteElo "2325"]
[BlackElo "2426"]
[PlyCount "98"]
[EventDate "2003.11.22"]

1. d4 Nf6 2. c4 c5 3. e3 cxd4 4. exd4 g6 5. Nc3 Bg7 6. Be2 O-O 7. Nf3 d5 8.
cxd5 Nxd5 9. O-O Nc6 10. Re1 b6 11. Bg5 Bb7 12. Qd2 Rc8 13. Bb5 Nf6 14. a3 Na5
15. Qe2 e6 16. Rad1 Qc7 17. Ne5 Nc6 18. Rd3 h6 19. Bh4 Rfd8 20. Ne4 g5 21.
Nxf6+ Bxf6 22. Bg3 Nxe5 23. dxe5 Rxd3 24. Bxd3 Bg7 25. h4 Rd8 26. hxg5 hxg5 27.
Be4 Bxe4 28. Qxe4 Qd7 29. Qe3 Qd2 30. Kh2 Qxe3 31. Rxe3 Kh7 32. Rc3 Rd7 33. Rc8
Kg6 34. Rg8 Rd2 35. Ra8 a5 36. b4 axb4 37. axb4 Rd4 38. Ra7 Rxb4 39. f3 Rb2 40.
Rb7 Bf8 41. Rb8 Kg7 42. f4 Be7 43. Kh3 b5 44. Re8 Bc5 45. fxg5 Bd4 46. g6 Kxg6
47. Rg8+ Kh7 48. Rg5 Re2 49. Bf4 b4 0-1

[Event "BL 0304 SV Hofheim - Hamburger SK"]
[Site "?"]
[Date "2003.11.22"]
[Round "3.4"]
[White "Hansen, Sune Berg"]
[Black "Houska, Jovanka"]
[Result "0-1"]
[WhiteElo "2551"]
[BlackElo "2358"]
[PlyCount "96"]
[EventDate "2003.11.22"]

1. e4 c5 2. Nc3 e6 3. f4 d5 4. Nf3 dxe4 5. Nxe4 Nf6 6. Nxf6+ gxf6 7. b3 Nc6 8.
Bb2 Bd7 9. a3 Bg7 10. Bd3 Qb6 11. Qe2 h5 12. Qf2 O-O-O 13. b4 cxb4 14. Qxb6
axb6 15. O-O Kc7 16. a4 Rdg8 17. Rab1 Rh6 18. Nd4 Nxd4 19. Bxd4 Bf8 20. c3 Bxa4
21. cxb4 Bc6 22. Rf2 b5 23. Rc1 Kd7 24. Bc5 Bd6 25. Bf1 Bc7 26. Rc3 f5 27. Rd3+
Kc8 28. Ra3 Rhg6 29. Rh3 Rg4 30. Rxh5 Rxf4 31. Rxf4 Bxf4 32. Rh7 Be8 33. d3 Kc7
34. Kf2 b6 35. Bd4 Bd2 36. Be5+ Kc6 37. h4 Bxb4 38. h5 Kd5 39. Bg7 Bc5+ 40. Ke2
Bd4 41. h6 f6 42. g3 b4 43. Bg2+ Kc5 44. Kd2 b3 45. Rh8 Rxh8 46. Bxh8 b2 47.
Kc2 Ba4+ 48. Kb1 Kb4 0-1

[Event "BL 0304 SG Köln Porz - SC Kreuzberg"]
[Site "?"]
[Date "2003.11.22"]
[Round "3.2"]
[White "Van Wely, Loek"]
[Black "Nisipeanu, Liviu-Dieter"]
[Result "1/2-1/2"]
[WhiteElo "2654"]
[BlackElo "2675"]
[PlyCount "82"]
[EventDate "2003.??.??"]

1. d4 Nf6 2. c4 e6 3. Nc3 Bb4 4. Qc2 O-O 5. a3 Bxc3+ 6. Qxc3 Ne4 7. Qc2 d5 8.
e3 b6 9. Nf3 Bb7 10. Bd3 Nd7 11. O-O c5 12. b3 cxd4 13. exd4 Nef6 14. Ne5 dxc4
15. bxc4 h6 16. Qe2 Nxe5 17. Qxe5 Rc8 18. Bb2 Qc7 19. Qe2 Qf4 20. f3 Rfd8 21.
Rfd1 Qd6 22. a4 a5 23. Qe3 Qc6 24. Bf1 Qd6 25. Qb3 Ba6 26. Rac1 Qb4 27. Qa2 Rc6
28. Bc3 Qe7 29. Be1 Rdc8 30. Rc3 Qc7 31. Rdc1 Qe7 32. R3c2 Qd8 33. Qb2 Ne8 34.
Bg3 Nd6 35. Bxd6 Qxd6 36. c5 bxc5 37. Bxa6 Rxa6 38. dxc5 Qc7 39. c6 Qb6+ 40.
Qxb6 Rxb6 41. c7 Kf8 1/2-1/2

[Event "BL 0304 SG Köln Porz - SC Kreuzberg"]
[Site "?"]
[Date "2003.11.22"]
[Round "3.4"]
[White "Graf, Alexander"]
[Black "Tischbierek, Raj"]
[Result "1-0"]
[WhiteElo "2646"]
[BlackElo "2519"]
[PlyCount "47"]
[EventDate "2003.??.??"]

1. d4 Nf6 2. c4 e6 3. Nc3 Bb4 4. e3 O-O 5. Nge2 d5 6. a3 Bd6 7. Ng3 c5 8. dxc5
Bxc5 9. b4 Bb6 10. Na4 Bc7 11. Bb2 Nc6 12. Qb3 Ng4 13. Be2 Qh4 14. Bxg4 Qxg4
15. cxd5 exd5 16. Qxd5 a5 17. O-O Be6 18. Qc5 Rad8 19. f3 Qh4 20. f4 f6 21. b5
Rd5 22. Qc4 Rfd8 23. bxc6 b5 24. Qe4 1-0

[Event "BL 0304 SG Köln Porz - SC Kreuzberg"]
[Site "?"]
[Date "2003.11.22"]
[Round "3.5"]
[White "Lau, Ralf"]
[Black "Gurevich, Mikhail"]
[Result "0-1"]
[WhiteElo "2503"]
[BlackElo "2656"]
[PlyCount "62"]
[EventDate "2003.??.??"]

1. e4 e6 2. d4 d5 3. Nd2 c5 4. exd5 exd5 5. Ngf3 Nf6 6. Be2 Bd6 7. dxc5 Bxc5 8.
Nb3 Bb6 9. O-O O-O 10. c3 Bg4 11. Nbd4 Nc6 12. Be3 Re8 13. h3 Bh5 14. Re1 Ne4
15. Qa4 Qf6 16. Qb5 Rad8 17. Rad1 Bxf3 18. Bxf3 Ne5 19. Be2 Ng6 20. Bf1 Nf4 21.
Qa4 Re5 22. Qc2 Rde8 23. Qc1 Ng6 24. g3 R5e7 25. Bg2 h6 26. Rf1 Ne5 27. Qc2 Nc4
28. Bc1 a6 29. Kh2 Qg6 30. Qd3 Ne5 31. Qb1 Nxg3 0-1

[Event "BL 0304 SG Köln Porz - SC Kreuzberg"]
[Site "?"]
[Date "2003.11.22"]
[Round "3.7"]
[White "Muse, Drazen"]
[Black "Hansen, Curt"]
[Result "0-1"]
[WhiteElo "2443"]
[BlackElo "2616"]
[PlyCount "100"]
[EventDate "2003.??.??"]

1. g3 e5 2. c4 d6 3. Bg2 g6 4. Nc3 Bg7 5. e3 Nf6 6. Nge2 O-O 7. O-O c6 8. d4
Nbd7 9. b3 Re8 10. Ba3 Nf8 11. dxe5 dxe5 12. Qxd8 Rxd8 13. Rad1 Bf5 14. Be7
Rxd1 15. Rxd1 N8d7 16. h3 h5 17. f3 Bf8 18. Bxf8 Kxf8 19. g4 hxg4 20. hxg4 Be6
21. g5 Ne8 22. Ne4 Ke7 23. N2c3 Ng7 24. Kf2 Nf5 25. Rd2 Rh8 26. Rd1 a5 27. Rh1
Rxh1 28. Bxh1 Nd6 29. Nxd6 Kxd6 30. Ne4+ Kc7 31. f4 b5 32. cxb5 cxb5 33. Nc3 b4
34. Na4 Kd6 35. Ke2 exf4 36. exf4 Nc5 37. Nb2 a4 38. bxa4 Bxa2 39. a5 Bd5 40.
Bxd5 Kxd5 41. Nd3 Kc4 42. Ne5+ Kc3 43. Nf3 b3 44. Nd2 b2 45. Ke3 Kb4 46. f5 Nb3
47. fxg6 fxg6 48. Nb1 Nxa5 49. Kd4 Nc4 50. Kd3 Kb3 0-1

[Event "BL 0304 SG Köln Porz - SC Kreuzberg"]
[Site "?"]
[Date "2003.11.22"]
[Round "3.8"]
[White "Van den Doel, Erik"]
[Black "Loeffler, Stefan"]
[Result "1-0"]
[WhiteElo "2609"]
[BlackElo "2413"]
[PlyCount "85"]
[EventDate "2003.??.??"]

1. e4 Nf6 2. e5 Nd5 3. d4 d6 4. Nf3 dxe5 5. Nxe5 c6 6. Bc4 Nd7 7. Nf3 N7b6 8.
Bb3 Bg4 9. h3 Bh5 10. O-O e6 11. c4 Nf6 12. Be3 a5 13. d5 Bxf3 14. Qxf3 a4 15.
dxc6 axb3 16. cxb7 Rb8 17. axb3 Qc7 18. Ra8 Nbd7 19. Ba7 Bb4 20. Bxb8 Nxb8 21.
Nc3 O-O 22. Nb5 Qb6 23. Nc3 Nfd7 24. Na2 Be7 25. b4 Ne5 26. Qe4 Nec6 27. b5 Na5
28. b4 Nxb7 29. Qe2 Nd6 30. Rd1 Rc8 31. Rc1 Bg5 32. Rc2 Qb7 33. Qf3 Ne4 34. Ra3
Nd7 35. c5 Ne5 36. Qe2 Qd5 37. b6 Rd8 38. Nc3 Nxc3 39. Rcxc3 Bd2 40. Rcb3 Bc1
41. b7 Bxa3 42. Rxa3 g5 43. Ra8 1-0

[Event "BL 0304 SF Katernberg - SFR Neukölln"]
[Site "?"]
[Date "2003.11.22"]
[Round "3.1"]
[White "Movsesian, Sergei"]
[Black "Volokitin, Andrei"]
[Result "1/2-1/2"]
[WhiteElo "2645"]
[BlackElo "2594"]
[PlyCount "96"]
[EventDate "2003.??.??"]

1. g3 e5 2. Bg2 d5 3. d3 Nc6 4. a3 Nf6 5. b4 Bd6 6. Bb2 O-O 7. Nd2 Re8 8. e4
dxe4 9. dxe4 a5 10. c3 Bg4 11. Ngf3 Re7 12. Qe2 Nd7 13. h3 Bh5 14. Nc4 Nb6 15.
Ne3 Rd7 16. O-O Na4 17. Rad1 axb4 18. axb4 f6 19. Bc1 Bf7 20. Rd3 b5 21. Nh4 g6
22. Qg4 Ne7 23. f4 Nb6 24. Qf3 exf4 25. gxf4 Bxf4 26. Qxf4 Rxd3 27. Ng4 Rd1 28.
Qxf6 Rxf1+ 29. Bxf1 Nf5 30. exf5 Qxf6 31. Nxf6+ Kg7 32. Ng4 Bc4 33. Bh6+ Kg8
34. Bg2 Ra1+ 35. Kh2 Ra2 36. Kg3 Rc2 37. Nf6+ Kf7 38. Ne4 gxf5 39. Ng5+ Kf6 40.
Ngf3 Rxc3 41. Bf4 Ke6 42. Kh2 Nd5 43. Nd4+ Kd7 44. Bd2 Ra3 45. Nhf3 Ra4 46.
Ne5+ Kd6 47. Nf7+ Ke7 48. Ne5 Kd6 1/2-1/2

[Event "BL 0304 SF Katernberg - SFR Neukölln"]
[Site "?"]
[Date "2003.11.22"]
[Round "3.2"]
[White "Chuchelov, Vladimir"]
[Black "Rogozenko, Dorian"]
[Result "1-0"]
[WhiteElo "2603"]
[BlackElo "2517"]
[PlyCount "51"]
[EventDate "2003.??.??"]

1. Nf3 Nf6 2. c4 e6 3. g3 d5 4. b3 Be7 5. Bg2 O-O 6. O-O b6 7. Bb2 Bb7 8. e3
Nbd7 9. Qe2 a5 10. Nc3 a4 11. Nxa4 dxc4 12. Rfc1 cxb3 13. axb3 Nc5 14. Nxc5
Bxc5 15. d3 Qe7 16. Ne5 Bxg2 17. Kxg2 Ba3 18. Nc6 Qd6 19. Be5 Qd7 20. Rxa3 Rxa3
21. Bxf6 gxf6 22. Qb2 Rfa8 23. Qxf6 Qd5+ 24. e4 Qxd3 25. Ne7+ Kf8 26. Rxc7 1-0

[Event "BL 0304 SF Katernberg - SFR Neukölln"]
[Site "?"]
[Date "2003.11.22"]
[Round "3.3"]
[White "Berndt, Stephan"]
[Black "Glek, Igor V"]
[Result "0-1"]
[WhiteElo "2462"]
[BlackElo "2555"]
[PlyCount "78"]
[EventDate "2003.??.??"]

1. e4 e6 2. d4 d5 3. Nc3 Nf6 4. e5 Nfd7 5. f4 c5 6. Nf3 Nc6 7. Be3 a6 8. Qd2 b5
9. dxc5 Bxc5 10. Bxc5 Nxc5 11. Qf2 Qb6 12. Bd3 b4 13. Ne2 a5 14. O-O Ba6 15.
Kh1 Ne7 16. b3 h6 17. Rad1 Rb8 18. Bxa6 Nxa6 19. Nfd4 Nc5 20. f5 Ne4 21. Qf3
O-O 22. Nf4 Nc6 23. Nxc6 Qxc6 24. fxe6 fxe6 25. Qg4 Qxc2 26. Qxe6+ Kh7 27. Qg6+
Kh8 28. Qg4 Nf2+ 29. Rxf2 Qxf2 30. Ng6+ Kh7 31. Nxf8+ Rxf8 32. h3 Rf5 33. e6
Re5 34. Kh2 Qf6 35. Rd3 Re4 36. Qf3 Qxe6 37. Qg3 Re2 38. Rd4 Re3 39. Qf4 Re4
0-1

[Event "BL 0304 SF Katernberg - SFR Neukölln"]
[Site "?"]
[Date "2003.11.22"]
[Round "3.4"]
[White "Senff, Martin"]
[Black "Polzin, Rainer"]
[Result "1/2-1/2"]
[WhiteElo "2446"]
[BlackElo "2489"]
[PlyCount "68"]
[EventDate "2003.??.??"]

1. e4 c5 2. Nf3 d6 3. c3 Nf6 4. Bd3 Nc6 5. Bc2 Bg4 6. d3 e6 7. Nbd2 Be7 8. h3
Bh5 9. Nf1 d5 10. Qe2 c4 11. dxc4 dxe4 12. Bxe4 Nxe4 13. Qxe4 Bg6 14. Qe3 Bf6
15. N1d2 Qd3 16. c5 Qxe3+ 17. fxe3 a5 18. Nc4 Be7 19. Nd6+ Bxd6 20. cxd6 O-O-O
21. b3 Rxd6 22. Ke2 Rhd8 23. Ba3 R6d7 24. Rhd1 Bd3+ 25. Kf2 e5 26. Rd2 Be4 27.
Rxd7 Rxd7 28. Ke2 f5 29. Bb2 g6 30. c4 Kd8 31. h4 Ke7 32. Nxe5 Nxe5 33. Bxe5
Bxg2 34. Bc3 a4 1/2-1/2

[Event "BL 0304 SF Katernberg - SFR Neukölln"]
[Site "?"]
[Date "2003.11.22"]
[Round "3.5"]
[White "Borriss, Martin Dr"]
[Black "Siebrecht, Sebastian"]
[Result "1-0"]
[WhiteElo "2445"]
[BlackElo "2435"]
[PlyCount "70"]
[EventDate "2003.??.??"]

1. e4 c5 2. Nf3 e6 3. d4 cxd4 4. Nxd4 Qb6 5. Nb3 a6 6. Nc3 Qc7 7. Bd3 Nf6 8.
O-O b5 9. f4 b4 10. Ne2 Bb7 11. Ng3 Qb6+ 12. Kh1 h5 13. Qf3 Ng4 14. h3 g6 15.
Qe2 Nc6 16. a3 a5 17. axb4 Nxb4 18. Nd2 Nxd3 19. cxd3 Qe3 20. Nf3 Qb6 21. hxg4
h4 22. Nh5 gxh5 23. g5 d5 24. Be3 Qb3 25. Nd4 Qb4 26. e5 Bg7 27. Rac1 Ba6 28.
g6 Qe7 29. Rc6 Bc8 30. Rfc1 Bd7 31. Rd6 h3 32. g3 O-O 33. Rc7 Rfd8 34. Qxh5
fxg6 35. Qxg6 Be8 {ZUe} 1-0

[Event "BL 0304 SF Katernberg - SFR Neukölln"]
[Site "?"]
[Date "2003.11.22"]
[Round "3.6"]
[White "Thesing, Matthias"]
[Black "Poldauf, Dirk"]
[Result "1/2-1/2"]
[WhiteElo "2437"]
[BlackElo "2404"]
[PlyCount "135"]
[EventDate "2003.??.??"]

1. e4 e6 2. d4 d5 3. exd5 exd5 4. Nf3 Nf6 5. Bd3 Be7 6. h3 O-O 7. O-O c5 8.
dxc5 Bxc5 9. Nc3 Nc6 10. Re1 a6 11. Bg5 h6 12. Bh4 Be6 13. a3 Re8 14. Qd2 Rc8
15. Ne2 Be7 16. Nf4 Ne4 17. Bxe4 dxe4 18. Qxd8 Nxd8 19. Bxe7 exf3 20. Bxd8
Rexd8 21. Nxe6 fxe6 22. Rac1 Rd2 23. gxf3 Rcxc2 24. Rxc2 Rxc2 25. b4 Kf7 26.
Re3 Ra2 27. f4 Kf6 28. Kg2 b6 29. Rc3 b5 30. Re3 h5 31. Kg3 Rd2 32. f3 Ra2 33.
Rc3 g6 34. Re3 Kf7 35. Rc3 Ke7 36. Rd3 Rc2 37. h4 Ra2 38. Kh3 Kf6 39. Kg3 Kf5
40. Rc3 Kf6 41. Re3 Ke7 42. Rd3 Rc2 43. Kh3 Rc6 44. Kg3 Rd6 45. Re3 Rd4 46. Rc3
Kd7 47. Re3 Rd2 48. Rc3 Rd1 49. Re3 Kd6 50. Rc3 Rg1+ 51. Kf2 Ra1 52. Re3 Ra2+
53. Kg3 Rd2 54. Rc3 Re2 55. Rd3+ Kc6 56. Rc3+ Kd6 57. Rd3+ Ke7 58. Rc3 Ra2 59.
Rd3 Rc2 60. Re3 Rc4 61. Rd3 Rc6 62. Re3 Kd6 63. Rd3+ Ke7 64. Rb3 Rd6 65. Re3
Kf6 66. Rc3 e5 67. Rc5 exf4+ 68. Kxf4 1/2-1/2

[Event "BL 0304 SF Katernberg - SFR Neukölln"]
[Site "?"]
[Date "2003.11.22"]
[Round "3.7"]
[White "Thiede, Lars"]
[Black "Scholz, Christian"]
[Result "1/2-1/2"]
[WhiteElo "2440"]
[BlackElo "2392"]
[PlyCount "103"]
[EventDate "2003.??.??"]

1. g3 Nf6 2. c4 g6 3. Bg2 Bg7 4. Nc3 O-O 5. d3 d6 6. Nf3 e5 7. O-O Nc6 8. Rb1
a5 9. a3 Re8 10. e4 Bg4 11. h3 Bxf3 12. Bxf3 Nd4 13. Be3 Nd7 14. Bg4 Nf8 15. h4
h5 16. Bh3 Nfe6 17. Ne2 Nxe2+ 18. Qxe2 a4 19. Kg2 c6 20. b4 d5 21. Bxe6 Rxe6
22. Rbc1 Bf8 23. Rfd1 Qd7 24. Qc2 d4 25. Bd2 f5 26. f3 Qf7 27. Rh1 Be7 28. Rcf1
Bf6 29. Re1 Qe7 30. c5 Qf7 31. Re2 Re7 32. Bc1 Kh7 33. Rhe1 Rg8 34. f4 exf4 35.
Bxf4 fxe4 36. Rxe4 Rge8 37. Rxe7 Rxe7 38. Rxe7 Bxe7 39. Qxa4 Bxh4 40. Qd1 Qa2+
41. Qd2 Qd5+ 42. Kh2 Bf6 43. Bd6 h4 44. Qf4 hxg3+ 45. Kxg3 Qe6 46. Qe4 Qb3 47.
Be7 Bg7 48. Qh4+ Kg8 49. Qe4 Kh7 50. Qh4+ Kg8 51. Qe4 Kh7 52. Qh4+ 1/2-1/2

[Event "BL 0304 SF Katernberg - SFR Neukölln"]
[Site "?"]
[Date "2003.11.22"]
[Round "3.8"]
[White "Souleidis, Georgios"]
[Black "Schwarz, Michael"]
[Result "1/2-1/2"]
[WhiteElo "2401"]
[BlackElo "2409"]
[PlyCount "43"]
[EventDate "2003.??.??"]

1. e4 g6 2. d4 Bg7 3. Nc3 c6 4. Nf3 d5 5. h3 dxe4 6. Nxe4 Nd7 7. Bc4 Ngf6 8.
Nxf6+ Nxf6 9. O-O O-O 10. Bg5 Nd5 11. Re1 Be6 12. Bb3 b5 13. c3 Re8 14. Ne5 Qd6
15. Nd3 Bf5 16. Bxd5 cxd5 17. Bf4 Qb6 18. Nb4 Qb7 19. a3 a5 20. Nd3 Bxd3 21.
Qxd3 e6 22. Bd6 1/2-1/2

[Event "BL 0304 Bremer SG - Solinger SG"]
[Site "?"]
[Date "2003.11.22"]
[Round "3.6"]
[White "Fish, Gannadij"]
[Black "Werle, Jan"]
[Result "1/2-1/2"]
[WhiteElo "2509"]
[BlackElo "2409"]
[PlyCount "123"]
[EventDate "2003.??.??"]

1. d4 Nf6 2. c4 e6 3. Nc3 Bb4 4. g3 c5 5. Nf3 cxd4 6. Nxd4 O-O 7. Bg2 d5 8.
cxd5 Nxd5 9. Qb3 Nc6 10. Nxc6 bxc6 11. O-O Qa5 12. Bd2 Bxc3 13. bxc3 Ba6 14.
Rfd1 Qc5 15. e4 Bc4 16. Qa4 Nb6 17. Qb4 Qh5 18. Be3 Be2 19. Rd2 Rab8 20. Bxb6
axb6 21. Qd6 Qb5 22. a4 Qc4 23. Re1 Bh5 24. Qb4 Qa6 25. Rd6 Rfc8 26. e5 Qa8 27.
Qc4 Rc7 28. Qh4 Bg6 29. Red1 h6 30. Be4 Bxe4 31. Rd8+ Kh7 32. Qxe4+ g6 33. R8d7
Qb7 34. Rxc7 Qxc7 35. Rd6 c5 36. Qd3 Rb7 37. h4 h5 38. Qb5 Kg7 39. Qc4 Rb8 40.
Qf4 Qe7 41. Qe4 b5 42. axb5 Rxb5 43. Qc6 Qb7 44. Qxb7 Rxb7 45. Rc6 g5 46. hxg5
Kg6 47. Rxc5 Kxg5 48. Kg2 Kg4 49. f3+ Kf5 50. Kh3 Rd7 51. c4 Ra7 52. f4 Ra2 53.
Rc7 Kg6 54. c5 Rc2 55. c6 Rc1 56. Rc8 Rh1+ 57. Kg2 Rc1 58. Kf3 Rc3+ 59. Ke4
Rc4+ 60. Kd3 Rc1 61. Kd4 Rc2 62. Kd3 1/2-1/2

[Event "BL 0304 Bremer SG - Solinger SG"]
[Site "?"]
[Date "2003.11.22"]
[Round "3.8"]
[White "Gisbrecht, Ewgeni"]
[Black "Wegerle, Joerg"]
[Result "1-0"]
[WhiteElo "2441"]
[BlackElo "2382"]
[PlyCount "73"]
[EventDate "2003.??.??"]

1. Nf3 d5 2. c4 e6 3. g3 Nf6 4. Bg2 dxc4 5. Qa4+ Nbd7 6. Qxc4 c5 7. O-O a6 8.
Qc2 Bd6 9. d4 O-O 10. Nbd2 cxd4 11. Nxd4 Nb6 12. N2b3 Qe7 13. Bd2 e5 14. Nf5
Bxf5 15. Qxf5 Nc4 16. Bg5 Rab8 17. Rfd1 Rfd8 18. Nd2 Nxd2 19. Rxd2 Bb4 20.
Rxd8+ Rxd8 21. Rc1 b6 22. Rc8 Bc5 23. Bxf6 gxf6 24. Be4 Kf8 25. Qxh7 Qd7 26.
Rc6 Ke7 27. b4 Bxb4 28. Rxb6 Qd4 29. Rxa6 Rd6 30. Rxd6 Bxd6 31. Kg2 Qd2 32. a4
Bc5 33. Bd3 Qe1 34. Qf5 Bd4 35. e3 Bc5 36. h4 Qd2 37. Qe4 1-0

[Event "BL 0304 SV Werder Bremen - SV Wattensch"]
[Site "?"]
[Date "2003.11.22"]
[Round "3.2"]
[White "Hracek, Zbynek"]
[Black "Johannessen, Leif Erlend"]
[Result "0-1"]
[WhiteElo "2578"]
[BlackElo "2495"]
[PlyCount "50"]
[EventDate "2003.??.??"]

1. e4 c6 2. d4 d5 3. Nc3 dxe4 4. Nxe4 Bf5 5. Ng3 Bg6 6. h4 h6 7. Nf3 e6 8. Ne5
Bh7 9. Bd3 Bxd3 10. Qxd3 Nd7 11. f4 c5 12. Be3 Qa5+ 13. Bd2 Qa4 14. Nxd7 Qxd7
15. O-O-O Qa4 16. dxc5 Rd8 17. Qb3 Qxb3 18. axb3 Bxc5 19. Ne4 Be7 20. g4 Nf6
21. Nxf6+ Bxf6 22. h5 Bd4 23. Rhe1 O-O 24. Bb4 Rfe8 25. Re4 Bxb2+ 0-1

[Event "BL 0304 SV Werder Bremen - SV Wattensch"]
[Site "?"]
[Date "2003.11.22"]
[Round "3.4"]
[White "Pelletier, Yannick"]
[Black "Holzke, Frank Dr"]
[Result "1-0"]
[WhiteElo "2604"]
[BlackElo "2471"]
[PlyCount "81"]
[EventDate "2003.??.??"]

1. Nf3 Nf6 2. c4 c5 3. Nc3 Nc6 4. d4 cxd4 5. Nxd4 e6 6. Bg5 Be7 7. e3 O-O 8.
Be2 b6 9. O-O Bb7 10. Ndb5 d5 11. Bxf6 Bxf6 12. cxd5 exd5 13. Qxd5 Qxd5 14.
Nxd5 Bxb2 15. Rab1 Be5 16. f4 Bb8 17. Bf3 Kh8 18. Kf2 Nd8 19. g4 Ne6 20. g5 Bc6
21. Rfd1 Rd8 22. h4 Bxb5 23. Rxb5 Bd6 24. Rb2 Rac8 25. Rbd2 Bf8 26. h5 Nc5 27.
Kg3 Re8 28. Rd4 b5 29. e4 a5 30. e5 b4 31. Nb6 Rc7 32. Rd8 Rxd8 33. Rxd8 Kg8
34. Bd5 g6 35. h6 a4 36. Kg4 b3 37. axb3 axb3 38. Bxb3 Nxb3 39. Nd5 f5+ 40.
gxf6 Rc1 41. e6 1-0

[Event "BL 0304 SV Werder Bremen - SV Wattensch"]
[Site "?"]
[Date "2003.11.22"]
[Round "3.6"]
[White "Skripchenko-Lautier, Almira"]
[Black "Ellers, Holger"]
[Result "1-0"]
[WhiteElo "2460"]
[BlackElo "2402"]
[PlyCount "69"]
[EventDate "2003.??.??"]

1. e4 c5 2. Nf3 Nc6 3. Bb5 g6 4. Bxc6 dxc6 5. d3 Bg7 6. h3 Nf6 7. Nc3 O-O 8.
Be3 b6 9. Qd2 e5 10. Bh6 Qd6 11. Nh2 Re8 12. O-O Bxh6 13. Qxh6 Nh5 14. Ne2 Be6
15. g4 Nf6 16. f4 exf4 17. Rxf4 Nd7 18. Raf1 f6 19. R4f2 c4 20. d4 c3 21. g5
fxg5 22. e5 Qe7 23. Nxc3 Rf8 24. Ne4 Rxf2 25. Rxf2 Rf8 26. Nxg5 Rxf2 27. Kxf2
Bxa2 28. Ng4 Bd5 29. Qh4 h5 30. Ne3 Qb4 31. Qf4 Qd2+ 32. Kf1 Bc4+ 33. Kg1 Nf8
34. b3 Ne6 35. Qf7+ 1-0

[Event "BL 0304 SV Werder Bremen - SV Wattensch"]
[Site "?"]
[Date "2003.11.22"]
[Round "3.8"]
[White "Meins, Gerlef"]
[Black "Lauzeningks, Jan"]
[Result "0-1"]
[WhiteElo "2454"]
[BlackElo "2301"]
[PlyCount "74"]
[EventDate "2003.??.??"]

1. d4 Nf6 2. c4 g6 3. Nc3 Bg7 4. e4 d6 5. Be2 O-O 6. Bg5 Na6 7. Qd2 e5 8. d5
Qe8 9. h4 Nc5 10. Bf3 h5 11. b4 Na4 12. Nb5 Qe7 13. Qc2 a6 14. Qxa4 Bd7 15. Qc2
axb5 16. Ne2 bxc4 17. Qxc4 Rfc8 18. Nc3 Qe8 19. Be2 Ra3 20. Nb1 b5 21. Qc2 Ra4
22. Bxf6 Bxf6 23. Qb3 c5 24. dxc6 Be6 25. Qf3 Qxc6 26. Qxf6 Bg4 27. f3 Qc1+ 28.
Kf2 Qxh1 29. fxg4 hxg4 30. Bxg4 Rc2+ 31. Be2 Rxb4 32. h5 Rxe2+ 33. Kxe2 Qxg2+
34. Kd1 Rd4+ 35. Kc1 Rc4+ 36. Kd1 Qc2+ 37. Ke1 Rxe4+ 0-1

[Event "BL 0304 TV Tegernsee - Stuttgarter Sfr"]
[Site "?"]
[Date "2003.11.23"]
[Round "4.1"]
[White "Schmittdiel, Eckhard"]
[Black "Khenkin, Igor"]
[Result "0-1"]
[WhiteElo "2483"]
[BlackElo "2627"]
[PlyCount "82"]
[EventDate "2003.??.??"]

1. e4 c6 2. c4 d5 3. cxd5 cxd5 4. exd5 Nf6 5. Nc3 Nxd5 6. Nf3 Nc6 7. d4 e6 8.
Bd3 Bb4 9. Bd2 Be7 10. a3 O-O 11. O-O Nf6 12. Be3 b6 13. Qe2 Bb7 14. Rad1 Nd5
15. Nxd5 Qxd5 16. Qc2 Qh5 17. Be2 Rac8 18. Ne5 Nxe5 19. Bxh5 Rxc2 20. dxe5 Bd5
21. Rd2 Rfc8 22. Rfd1 f6 23. exf6 Bxf6 24. b4 Rxd2 25. Bxd2 g6 26. Bg4 Rc2 27.
a4 h5 28. Bf3 Bb3 29. Be3 Bxa4 30. Rd6 Kf7 31. g4 Ke7 32. Rd3 hxg4 33. Bd1 Ra2
34. Bxa4 Rxa4 35. Bd2 Ra1+ 36. Kg2 Rd1 37. Kg3 e5 38. f3 gxf3 39. Kxf3 Ke6 40.
Ke4 a6 41. h3 Bh4 0-1